Povinnosť poistenia podnikajúceho študenta

Za akých podmienok podnikajúcemu študentovi - SZČO vzniká povinnosť povinne sa nemocensky a dôchodkovo poistiť.

Salvato in:
Dettagli Bibliografici
Autore principale: Rabatinová, Marcela, 1977-
Natura: Capitolo di libro
Lingua:slovacco
Soggetti:
Tags: Aggiungi Tag
Nessun Tag, puoi essere il primo ad aggiungerne!!

MARC

LEADER 00000nla a2200000 4500
001 0166609
005 20240502072912.4
041 0 |a slo 
044 |a SK 
245 1 0 |a Povinnosť poistenia podnikajúceho študenta  |c Marcela Rabatinová 
520 |a Za akých podmienok podnikajúcemu študentovi - SZČO vzniká povinnosť povinne sa nemocensky a dôchodkovo poistiť. 
610 2 0 |a poistenie sociálne 
610 2 0 |a poistenie nemocenské 
610 2 0 |a poistenie dôchodkové 
610 2 0 |a študenti 
610 2 0 |a podnikanie 
610 2 0 |a osoby samostatne zárobkovo činné 
610 2 0 |a príjmy 
610 2 0 |a legislatíva 
100 1 |a Rabatinová, Marcela, 1977-